Statistiques concernant Les pays les plus accueillants

Cliquez ici pour prendre le quiz!

Statistiques générales

  • Ce quiz a été pris 93 fois
  • Le résultat moyen est 4 sur 10

Statistiques - réponses

classementpays% Correct
3Canada
72%
4Australie
60%
2Portugal
51%
7Argentine
44%
6Grèce
36%
5Irlande
36%
8Thaïlande
36%
1Cambodge
15%
9Fidji
12%
10Malawi
2%

Distribution des résultats

Percentile par nombre de réponses

% des personnes avec chaque résultat

Votre développement - résultats

Vous n’avez pas pris ce quiz